| 000 | 00536nam a22002057a 4500 | ||
|---|---|---|---|
| 005 | 20220720161840.0 | ||
| 008 | 220720b ||||| |||| 00| 0 eng d | ||
| 040 | _cAL | ||
| 041 | _aEnglish | ||
| 082 |
_223 _a331.880 _bJOST |
||
| 100 |
_aAlex Josey _951994 |
||
| 245 | _aTrade Unionism in Malaya | ||
| 260 |
_aSingapore _bDonald Moore _c1958 |
||
| 300 |
_a116 p. _bPB _c21.5x14 cm. |
||
| 650 |
_aLabor unions _951995 |
||
| 650 |
_aMalaya _951996 |
||
| 650 |
_aMalaysia _951997 |
||
| 700 |
_aJOSEY (Alex) _951998 |
||
| 942 |
_2ddc _cGF |
||
| 999 |
_c224044 _d224044 |
||